000 00827cam2a220022900 4500
001 tmp15346630
003 UPRA
005 20190816092551.0
008 950801s1973 fr fre u
020 _a2858020582
035 _a(Sirsi) r124377
035 _a(UPRA)tmp15346630
040 _cUPRA
245 0 0 _aLitteratures de langue francaise hors de France :
_banthologie didactique.
260 _aSevres, France :
_bFederation Internationale des Professeurs de Francaise,
_c[1973?]
650 0 _aCivilization, Islamic.
_6S3331.1
651 0 _aBurkina Faso -- Description and travel.
_xBurkina Faso -- Description and travel.
_6S66154.1
700 1 _aDeniel, Raymond.
_6A92490.1
710 1 _aL'Islam en Haut-Volta a l'epoque coloniale.
_6A92491.1
949 _aPQ3809
_wlcc
_i-178635
_mMAIN
_tBOOK
_lON-SHELF
004 124377
999 _c82048
_d82048